00706nam a22002177a 450000500170000001000130001702000220003003500130005203700160006504000120008108200130009310000230010624500960012926000410022527000610026630000230032750000500035065000370040065000220043770000290045920170124105930.0 aA-953297 c00.00a0195647556 aA-953297 bCen Lib/Ret aDPLbEN a337bBHA aBhagwati, Jagdish  aWritings on international economics /cby Jagdish Bhagwati; edited by V. N. Balasubramanyam aDelhibOxford University Pressc1998 aYMCA Library Building, Jai Singh RoadbNew Delhie110001 avi,619p.c21cm(Hb) aIncludes bibliographical references and index aInternational economic relations aCommercial policy a Balasubramanyam, V. N.